000 00774nam a2200229Ia 4500
003 CO-CtgCURN
005 20250407181118.0
008 190723s9999 xx 000 0 und d
020 _a9586902099
040 _aCO-CtgCURN
_bspa
_ccoctgcurn
082 _a345.06
_bF465p
100 _aFierro-Mendez, Heliodoro
245 0 _aLa prueba como violacion indirecta de la ley en el proceso penal /
_cHeliodoro Fierro-Mendez
260 _aBogotá, Colombia :
_bLeyer,
_c2000
300 _a158 páginas ;
_c13 centímetros
521 _aAREA PROFESIONAL
590 _aPrograma de Derecho_18
650 _aDerecho penal
650 _aPrueba (Derecho)
942 _cBK
_h345.06
_iF465p
_2ddc
_n0
999 _c28955
_d28955